Personnalités francophones par initiales - E - Statistiques

Statistiques générales
  • Ce quiz a été pris 134 fois
  • Le résultat moyen est 11 sur 23
Statistiques - réponses
Indice Réponse % Correct
EJ Membre d'un duo comique, son comparse s'appelle Ramzy Éric Judor
99%
EP Elle voyait la vie en rose Édith Piaf
93%
EA Magicien et humoriste Éric Antoine
85%
EC Footballeur qui a aussi eu une carrière d'acteur et de chanteur Éric Cantona
76%
EM Peintre impressionniste, célèbre pour son Déjeuner sur l'herbe Édouard Manet
68%
EZ Auteur naturaliste, célèbre pour sa saga des Rougon-Macquart Émile Zola
61%
ED Interprète de Week-end à Rome et Tombé pour la France Étienne Daho
61%
EN Chroniqueur français, il a animé une émission avec E.Zemmour Éric Naulleau
58%
ER Auteur de Cyrano de Bergerac Edmond Rostand
56%
EK Humoriste et acteur mort à 39 ans, il a joué dans La vérité si je mens ! Élie Kakou
50%
EI Dramaturge d'origine roumaine, il a écrit les pièces Rhinocéros et La Cantatrice chauve Eugène Ionesco
50%
EB Actrice de Manon des Sources Emmanuelle Béart
47%
EF Actrice dans Qu'est-ce qu'on a fait au Bon Dieu ? et Alibi.com Élodie Fontan
44%
EG Actrice dans Les Trois Mousquetaires et Casino Royale Eva Green
43%
ET Écrivaine et muse de Louis Aragon Elsa Triolet
33%
EW Maire de Chantilly de 1995 à 2017 et trésorier de Nicolas Sarkozy Éric Woerth
30%
EV Architecte qui a rénové Notre-Dame de Paris, au XIXe siècle Eugène Viollet-le-Duc
26%
EL Septième président de la IIIe République Émile Loubet
23%
EQ Homme politique et historien, il a donné son nom à une station de la ligne 6 du métro parisien Edgar Quinet
22%
EH Maire de Lyon de 1905 à 1957 et Président du Conseil des ministres à plusieurs reprises Édouard Herriot
18%
EO Auteur et académicien, son roman L'Exposition coloniale a remporté le prix Goncourt en 1988 Erik Orsenna
18%
ES Il a écrit Les Mystères de Paris Eugène Sue
14%
EE Mannequin et animatrice de radio et de télévision Églantine Éméyé
7%
Aucun quiz correspondant
Distribution des résultats
% des personnes avec chaque résultat
Percentile par nombre de réponses
Votre historique - résultats
Vous n’avez pas pris ce quiz